Países que empiezan y terminan con la misma letra - Estadísticas

Estadísticas generales
  • Esta prueba ha sido intentada 662 veces
  • La puntuación promedio es 10 de 14
Estadísticas de respuestas
Respuesta % Correcto
Argentina
89%
Alemania
88%
Albania
85%
Australia
85%
Austria
85%
Armenia
82%
Angola
79%
Argelia
79%
Andorra
77%
Antigua y Barbuda
70%
Seychelles
56%
Arabia Saudita
55%
San Cristóbal y Nieves
44%
San Vicente y las Granadinas
44%
No se encontraron pruebas coincidentes
Distribución de puntuación
Porcentaje de gente con cada puntuación
Porcentaje por número respondido
Historial de tus puntuaciones
No has intentado esta prueba.